| 000 | 00533nam a22001817a 4500 | ||
|---|---|---|---|
| 999 |
_c10017 _d10017 |
||
| 003 | AR-CdUCM | ||
| 008 | 190329b ||||| |||| 00| 0 spa d | ||
| 040 |
_aMUNICIPALIDAD PROVINCIAL DEL CUSCO _cBIBLIOTECA MUNICIPAL DEL CUSCO |
||
| 082 |
_aEP / 920 / _bB23 |
||
| 100 |
_aBarajas Sandoval, Carmen _926617 |
||
| 245 | _aGalileo Galilei / | ||
| 260 |
_aMexica , _bContinental, _c1959. |
||
| 300 |
_a177 páginas ; _c17 cm. |
||
| 440 |
_aBiblioteca Billiken _9765 |
||
| 650 |
_aBiografía. _922 |
||
| 942 |
_2ddc _cLIBROS |
||
| 945 | _awfj | ||